Catálogo - Centro de Recursos para el Aprendizaje y la Investigación
Volver al Sitio - CRAI Biblioteca| 000 -CABECERA | |
|---|---|
| campo de control de longitud fija | 02499nam a2200325Ia 4500 |
| 001 - NÚMERO DE CONTROL | |
| campo de control | 107188 |
| 003 - IDENTIFICADOR DEL NÚMERO DE CONTROL | |
| campo de control | DR-UNIBE |
| 005 - FECHA Y HORA DE LA ÚLTIMA TRANSACCIÓN | |
| campo de control | 20250313091051.0 |
| 007 - CAMPO FIJO DE DESCRIPCIÓN FÍSICA--INFORMACIÓN GENERAL | |
| campo de control de longitud fija | cr nn 008mamaa |
| 008 - DATOS DE LONGITUD FIJA--INFORMACIÓN GENERAL | |
| campo de control de longitud fija | 200806b2018 mx |||||s|||| 00| 0 spa d |
| 020 ## - NÚMERO INTERNACIONAL ESTÁNDAR DEL LIBRO | |
| Número Internacional Estándar del Libro | 9781456260941 |
| 020 ## - NÚMERO INTERNACIONAL ESTÁNDAR DEL LIBRO | |
| Número Internacional Estándar del Libro | 9781456261658 (electrónico) |
| 040 ## - FUENTE DE LA CATALOGACIÓN | |
| Centro catalogador/agencia de origen | BIBLIOTECA UNIBE |
| Centro/agencia transcriptor | BIBLIOTECA UNIBE |
| 041 ## - CÓDIGO DE LENGUA | |
| Código de lengua del texto/banda sonora o título independiente | spa |
| 100 ## - ENTRADA PRINCIPAL--NOMBRE DE PERSONA | |
| Nombre de persona | Çengel, Yunus A. |
| Término indicativo de función/relación | autor |
| 9 (RLIN) | 16599 |
| 100 ## - ENTRADA PRINCIPAL--NOMBRE DE PERSONA | |
| Nombre de persona | Cimbala, John M. |
| Término indicativo de función/relación | autor |
| 9 (RLIN) | 159398 |
| 245 ## - MENCIÓN DE TÍTULO | |
| Título | Mecánica de fluidos : fundamentos y aplicaciones |
| 250 ## - MENCIÓN DE EDICIÓN | |
| Mención de edición | Cuarta edición |
| 260 ## - PUBLICACIÓN, DISTRIBUCIÓN, ETC. | |
| Lugar de publicación, distribución, etc. | Ciudad de México : |
| Nombre del editor, distribuidor, etc. | McGraw-Hill Interamericana, |
| Fecha de publicación, distribución, etc. | 2018 |
| 300 ## - DESCRIPCIÓN FÍSICA | |
| Extensión | xxi, 996 páginas : |
| Otras características físicas | ilustraciones |
| 500 ## - NOTA GENERAL | |
| Nota general | Recurso en línea:<br/>Disponible para miembros de UNIBE a través del portal web del CRAI: https://www.unibe.edu.do/biblioteca/libros-electronicos/ |
| 505 ## - NOTA DE CONTENIDO CON FORMATO | |
| Nota de contenido con formato | 1. Introducción y conceptos básicos |<br/> 2. Propiedades de los fluidos |<br/> 3. Presión y estática de fluidos |<br/> 4. Cinemática de fluidos |<br/> 5. Ecuaciones de Bernoulli y de la energía |<br/> 6. Análisis de la cantidad de movimiento de los sistemas de flujo |<br/> 7. Análisis dimensional y modelado<br/> 8. Flujo en tuberías |<br/> 9. Análisis diferencial de flujo de fluidos |<br/> 10. Soluciones aproximadas de la ecuación de Navier-Stokes |<br/> 11. Flujo externo: arrastre y sustentación |<br/> 12. Flujo compresible |<br/> 13. Flujo en canal abierto |<br/> 14. Turbomaquinária |<br/> 15. Introducción a la dinámica de fluidos computacional |<br/> |
| 520 ## - SUMARIO, ETC. | |
| Sumario, etc. | La mecánica de fluidos es un tema atractivo y fascinante, con aplicaciones prácticas ilimitadas, que van desde los sistemas biológicos microscópicos hasta los automóviles, los aviones y la propulsión de naves espaciales. La mecánica de fluidos también ha sido históricamente una de las asignaturas más desafiantes para los estudiantes de licenciatura, porque el análisis adecuado de los problemas de mecánica de fluidos no sólo requiere el conocimiento de los conceptos, sino también experiencia e intuición física. Nuestra intención es que este libro, mediante sus cuidadosas explicaciones de los conceptos y su manejo de ejemplos prácticos, esquemas, figuras y fotografías, salve la brecha entre el conocimiento y su aplicación adecuada. |
| 650 ## - PUNTO DE ACCESO ADICIONAL DE MATERIA--TÉRMINO DE MATERIA | |
| Término de materia o nombre geográfico como elemento de entrada | Mecánica de fluidos |
| 9 (RLIN) | 171127 |
| 650 ## - PUNTO DE ACCESO ADICIONAL DE MATERIA--TÉRMINO DE MATERIA | |
| Término de materia o nombre geográfico como elemento de entrada | Física |
| 9 (RLIN) | 171128 |
| 650 ## - PUNTO DE ACCESO ADICIONAL DE MATERIA--TÉRMINO DE MATERIA | |
| Término de materia o nombre geográfico como elemento de entrada | Cinemática |
| 9 (RLIN) | 171129 |
| 655 ## - TÉRMINO DE INDIZACIÓN--GÉNERO/FORMA | |
| Datos o término principal de género/forma | Recurso electrónico |
| 9 (RLIN) | 42681 |
| 856 ## - LOCALIZACIÓN Y ACCESO ELECTRÓNICOS | |
| Identificador Uniforme del Recurso | <a href="https://ezproxy.unibe.edu.do:2069/?il=7013">https://ezproxy.unibe.edu.do:2069/?il=7013</a> |
| 942 ## - ELEMENTOS DE PUNTO DE ACCESO ADICIONAL (KOHA) | |
| Tipo de ítem Koha | e-Libro (en línea) |
| Fuente del sistema de clasificación o colocación | Sistema de Clasificación Decimal Dewey |
| Estado de retiro | Estado de pérdida | Fuente del sistema de clasificación o colocación | No para préstamo | Código de colección | Localización permanente | Fecha de adquisición | Total de préstamos | Código de barras | Fecha visto por última vez | Número de copia | Precio válido a partir de | Tipo de ítem Koha |
|---|---|---|---|---|---|---|---|---|---|---|---|---|
| Disponible | Sistema de Clasificación Decimal Dewey | e-Libro de Texto (en línea) | Biblioteca Central UNIBE | 03/09/2020 | EB0114 | 03/09/2020 | Ej. 1 | 03/09/2020 | e-Libro (en línea) |